00453nam a22001697a 4500003000400000005001700004008004100021020001500062040002900077050002100106100001900127245002400146260004300170300000900213650004600222700001500268OSt20260514143000.0260514b |||||||| |||| 00| 0 eng d a0140481346 cChuka University Library aPS 3525 .M5 1949 aMiller, Arthur aDeath Of A Salesman aNew YorkbViking Compass Editionc1949 a139p aAmerican Literature-History And Criticism aElia Kazan